000 00586cam a22002051a 4500
001 he 65000878
003 DLC
005 20260227111431.0
008 810619s1962 is 000 0 eng
010 _ahe 65000878
035 _a(OCoLC)7515974
040 _aDLC
_cFU
_dFU
_dDLC
042 _apremarc
050 0 0 _aD810.J4
_bS453
100 1 _aShabtai, K.
245 1 0 _aAs sheep to the slaughter? /
_cby K. Shabbetai ; with a foreword by Gideon Hausner.
260 _aBet Dagan, Israel :
_bKeshev Press,
_c1962.
300 _a75 p. ;
_c21 cm.
650 0 _aWorld War, 1939-1945
_xJews.
999 _c31190
_d31190